Histoire de la Suisse pour les nuls - Statistiques

Statistiques générales
  • Ce quiz a été pris 8 903 fois
    8 866 depuis la dernière actualisation
  • Le résultat moyen est 14 sur 20
Statistiques - réponses
Question Réponse % Correct
Quelle puissante cité-état devient la capitale suisse en 1799? Berne
94%
Quel principe empêche la Suisse de prendre part aux guerres depuis 1815? Neutralité
92%
Dans quelle ville cette dernière a-t-elle été fondée, et accueille aussi de nombreuses autres ONG? Genève
91%
Quelle chaîne de montagne a construit le mythe suisse et attire de nombreux touristes dès le XIXème siècle? Alpes
89%
Quelle organisation humanitaire de secours a d'abord été fondée pour venir en aide aux blessés de guerre? Croix Rouge
88%
Quel groupe de personnes n'avait pas le droit de vote fédéral jusqu'en 1971? Femmes
88%
Quelle organisation internationale composée de 193 membres la Suisse n'a-t-elle rejoint qu'en 2002? ONU
85%
Quel arbalétrier de légende a été contraint de tirer un carreau dans une pomme posée sur la tête de son fils? Guillaume Tell
82%
Quelle ville-état étrangère a encore recours à des gardes suisses, autrefois très réputés? Vatican
82%
Quelle industrie de précision connaît un essor suite à la migration des huguenots vers Genève puis l'arc jurassien? Horlogerie
76%
De quel type d'infrastructure parle-t-on ici?: Le Saint-Gothard est le plus long ___ du monde avec 57km et permet de relier le nord de l'Europe à l'Italie. Tunnel
75%
Quel dirigeant français organise la Suisse en une confédération d'états en 1803? Napoléon Ier
74%
Quel mouvement religieux est introduit en Suisse par Ulrich Zwingli puis plus tard par Jean Calvin? Réforme protestante
74%
Sous quel nom sont mieux connu les 26 États fédérés? Cantons
69%
Quelle bataille qui s'est déroulé en 1515 a opposé François Ier aux mercenaires suisses? Marignan
66%
Quel peuple celte a pour réputation d'être les ancêtres des Suisses? Helvètes
47%
Citez un des trois cantons fondateurs Uri / Schwytz / Unterwald
44%
De quelle nature était la Guerre du Sonderbund, dernier conflit s'étant déroulé sur le territoire? Guerre {civile}
39%
Depuis la révolution islamique, quel pays l'ambassade suisse en Iran représente-t-elle en plus d'elle-même? États-Unis
32%
Quel duché mené par Charles le Téméraire est maté par les Confédérés lors de la bataille de Nancy en 1477? Duché de {Bourgogne}
25%
Aucun quiz correspondant
Distribution des résultats
% des personnes avec chaque résultat
Percentile par nombre de réponses
Votre historique - résultats
Vous n’avez pas pris ce quiz depuis la dernière actualisation